Vplyv vybraných výkonnostných parametrov na charakteristiky cien produktov vo vybranej hutníckej spoločnosti dizertačná práca

Saved in:
Bibliographic Details
Main Author: Rudý, Stanislav, 1997-
Corporate Author: Podnikovohospodárska fakulta EU so sídlom v Košiciach. Katedra finančného riadenia podniku
Other Authors: Simonidesová, Jana, 1968-
Format: Book
Language:Slovak
Published: Košice 2024
Subjects:
Tags: Add Tag
No Tags, Be the first to tag this record!

MARC

LEADER 00000nbm a2200000 4500
001 0307654
005 20250327110523.3
041 0 |a slo 
044 |a SK 
245 1 0 |a Vplyv vybraných výkonnostných parametrov na charakteristiky cien produktov vo vybranej hutníckej spoločnosti  |b dizertačná práca  |c Stanislav Rudý ; školiteľ: Jana Simonidesová 
264 1 |a Košice  |c 2024 
300 |a 128 s. 
610 2 0 |a výkonnosť 
610 2 0 |a ceny 
610 2 0 |a podnik 
610 2 0 |a hutníctvo 
100 1 |a Rudý, Stanislav, 1997- 
700 1 |a Simonidesová, Jana, 1968- 
710 2 |a Podnikovohospodárska fakulta EU so sídlom v Košiciach. Katedra finančného riadenia podniku